000 00735nam a22002297a 4500
003 UA-OsUOA
001 39703
007 ta
008 20080516b un ||||| |||| 00| 0 ukr d
090 _a082:94(477)
942 _cBK
040 _aUA-OsUOA
_bukr
_cUA-OsUOA
_dUA-OsUOA
245 _aTerra Cossacorum: студії з давньої і нової історії України
300 _a566 с.
955 _a1
041 _aukr
080 _a082:94(477)
260 _aК.
_bІнститут історії України
_c2007
246 3 1 _aНауковий збірник на пошану д.і.н., проф. В. Степанкова
650 7 _a08 Видання. Колективні праці
_2UDC
999 _c438212
_d438212